Normal view
MARC view
- Error analysis
Entry Topical Term
001 - CONTROL NUMBER
- control field: 102448
003 - CONTROL NUMBER IDENTIFIER
- control field: NUST
005 - DATE AND TIME OF LATEST TRANSACTION
- control field: 20221107180538.0
008 - FIXED-LENGTH DATA ELEMENTS
- fixed length control field: 221107|| aca||aabn | a|a d
040 ## - CATALOGING SOURCE
- Original cataloging agency: NUST
- Transcribing agency: NUST
150 ## - HEADING--TOPICAL TERM
- Topical term or geographic name entry element: Error analysis
670 ## - SOURCE DATA FOUND
- Source citation: Work cat.: (NUST)206126: Taylor, John R 78568, An introduction to error analysis :, 1980
